All Residential Islands of Greece - Statistics

General Stats
  • This quiz has been taken 2,295 times
  • The average score is 44 of 116
Answer Stats
Population Island % Correct
601,131 Crete
98%
117,007 Rhodes
91%
107,879 Corfu
88%
90,643 Lesbos
87%
13,402 Santorini
84%
30,947 Kos
80%
9,306 Mykonos
80%
18,188 Naxos
80%
38,957 Zante
80%
36,404 Cephalonia
77%
15 Ro
77%
198,130 Euboea
76%
51,936 Chios
74%
33,814 Samos
74%
12,853 Paros
73%
20,751 Lefkada
66%
13,765 Thassos
65%
10,009 Andros
64%
18,104 Lemnos
64%
3,084 Ithaca
61%
6,489 Karpathos
59%
8,312 Icaria
58%
4,771 Milos
58%
2,723 Samothrace
58%
6,160 Skiathos
58%
1,838 Ios
56%
2,374 Paxoi
56%
4,696 Skopelos
56%
8,574 Tinos
56%
13,552 Aegina
55%
2,672 Hydra
55%
38,022 Salamis
54%
19,782 Syros
54%
1,037 Antiparos
53%
3,310 Cythera
50%
16,235 Kalymnos
50%
2,417 Kea
49%
2,602 Skyros
49%
3,908 Spetses
49%
2,672 Alonissos
48%
1,859 Amorgos
48%
406 Castelorizo
48%
2,984 Patmos
47%
4,348 Pore
47%
2,606 Symi
47%
8,123 Leros
46%
1,414 Serifos
45%
64 Antipaxoi
44%
667 Folegandros
44%
2,442 Sifnos
44%
1,238 Astypalea
42%
95 Gavdos
41%
533 Tilos
40%
14 Delos
39%
422 Psara
39%
990 Kasos
38%
1,608 Kythnos
38%
273 Anafi
36%
938 Nisyros
36%
769 Kimolos
34%
238 Sikinos
34%
920 Agkistri
32%
44 Antikythera
32%
1,314 Fournoi
32%
163 Donoussa
30%
371 Agios Efstratios
29%
313 Chalki
29%
5 Makronissos
29%
366 Ano Koufonissi
28%
151 Herakleia
28%
1,050 Inousses
28%
698 Lipsoi
27%
745 Elafonissos
26%
1,090 Meganisi
25%
663 Othonoi
25%
206 Schinousa
25%
2 Skorpios
25%
158 Agathonisi
21%
130 Pserimos
21%
268 Thirasia
19%
698 Ereikoussa
18%
74 Pharmakonisi
18%
547 Ammouliani
17%
10 Kira Panagia
17%
54 Arkoi
16%
43 Dokos
16%
543 Kalamos
16%
120 Kastos
15%
297 Mathraki
14%
87 Palaio Trikeri
14%
54 Telendos
14%
3 Chrissi
13%
3 Gavdopoula
12%
8 Spetsopoula
12%
152 Thymaina
12%
156 Trizonia
12%
10 Yali
12%
2 Kinaros
11%
20 Kalolimnos
10%
6 Marathi
10%
5 Peristera
10%
2 Piperi
10%
7 Sapientza
10%
22 Sharia
10%
8 Lebitha
9%
5 Samiopoula
9%
2 Schiza
9%
9 Strogkili Megistis
8%
3 Agios Minas Fournon
6%
2 Plati Kalymnou
6%
4 Proti
6%
58 Stamfani Strofadon
6%
1 Kato Antikeri
5%
7 Plateia Argolidas
5%
4 Trikeri Hydras
5%
11 Adelfi Alonissou
4%
No matching quizzes found
Score Distribution
Percent of People with Each Score
Percentile by Number Answered
Your Score History
You have not taken this quiz